1670 1424 1747 1904 1766 1525 1523 1984 1034 1337 1945 1030 1015 1291 1070 1169 1694 1902 1426 1510 1775 1187 1950 1618 1220 1892 1997 1901 1645 1707 1317 1456 1469 1451 1163 1088 1996 1234 1447 1928 1807 1833 1742 1816 1926 1102 1399 1254 1917 1764 1666 1017 1127 1606 1104 1242 1354 1715 1809 1482 1053 1978 1144 1320 1938 1141 1936 1265 1411 1638 1405 1426 1956 1855 1672 1499 1923 1177 1710 1128 1581 1250 1428 1580 1387 1353 1097 1552 1922 1818 1744 1319 1795 1732 1994 1151 1129 1091 1918 BCNSPRNW ULIB Ver.6.0+V

เปลี่ยนเป็นภาษาไทย

Change to English
 แสดงรายละเอียดบรรณานุกรม
  กลับหน้าหลัก

Brief Record : Get Marc (ISO 2709) : E-mail record : QR code < ปิดหน้าต่าง
LEADER : 00000nam 2200000uu 4500
001    13399121437
003     ULIB
008    020711s2550 th a 000 0 tha d
020    9789747547160
090    นว.^bว111ข
100    ว.วินิจฉัยกุล
245    ของขวัญวันวาน/^cว.วินิจฉัยกุล
250    พิมพ์ครั้งที่ 8
260    กรุงเทพฯ :^bทรีบีส์,^c2550
300    611 หน้า
710 1  ทรีบีส์
945    ^p380^l0^i15019
995    ทศพร
999    ^aทศพร เกษรทอง
รายการนี้ยังไม่มีแท็ก
คุณยังไม่ได้ล็อกอิน คุณสามารถมีกิจกรรมร่วมกับเว็บไซต์ได้ แต่ต้องล็อกอินก่อน ::
  ล็อกอิน

รายการสื่อสารสนเทศ

ลำดับที่ ประเภท เลขเรียก/บาร์โค้ด สถานที่ สถานะ
1. นวนิยาย
นวนิยาย
นว. ว111ข ฉ.1 
  Barcode: 15019
ห้องสมุดวิทยาเขตสวรรค์ประชารักษ์
►นวนิยาย
บนชั้น
  ขอยืม

รายการใกล้เคียง
    ผู้แต่ง [ว.วินิจฉัยกุล]

BibComment


ยังไม่เคยถูกคอมเมนท์

คอมเมนท์ทรัพยากรรายการนี้
  คอมเมนท์: ของขวัญวันวาน ววิ..


 Copyright 2026. Bcnsprnw @Library